Statystyki dla Lista top 10 jedzenie

Kliknij tutaj aby rozwiązać quiz!

Ogólne statystyki

  • Ten quiz został rozwiązany 111 razy
  • Średni wynik to 1 z 10

Statystyki odpowiedzi

% Poprawnych
6.Pizza
90%
1.Bakłażan
6%
8.Pająk
3%
4.Karkówka
2%
2.Kawior
2%
9.Rodzynek
2%
10.Salami
2%
7.Flaki
1%
3.Krem Orzechowy
1%
5.Pieczarka
1%

Rozkład punktacji

Percentyl według liczby udzielonych odpowiedzi

Procent ludzi z każdym wynikiem

Twoja historia wyników

Nie rozwiązałeś tego quizu